Cuentos de Tolsti̤ Cuentos cľebres

Bibliographic Details
Format: eBook
Language:Spanish
Published: Ciudad de Mx̌ico: Cm̀ara de Diputados, 2013
Subjects:
Online Access:Acceso restringido

MARC

LEADER 00000nam a22000007a 4500
005 20180220221222.0
007 cr|||| ||||
008 180220s2013 mx |||||s||||f00||0 spa d
020 |a 978-607-401-848-6 
035 |a 20664 
040 |a vLex 
090 |c 7382  |d 7382 
245 0 0 |a Cuentos de Tolsti̤  |h [Recurso electrn̤ico] :  |b Cuentos cľebres 
256 |a Servicio en ln̕ea 
260 |a Ciudad de Mx̌ico:  |b Cm̀ara de Diputados,  |c 2013 
300 |a 1 recurso electrn̤ico (128 p.) 
506 1 |a Disponible solo en los productos indicados  |d vLex Global  |d vLex Global (Academic Edition, excluding Law Schools)  |d vLex Global (U.S. Academic Edition, Law Schools)  |d vLex Global (U.S. Academic Edition, excluding Law Schools)  |d vLex Global (Academic Edition, Law Schools) 
650 0 4 |a Ciencias sociales  |z Mx̌ico 
740 0 |a vLex Libros (Servicio en ln̕ea) 
856 4 0 |u http://vlex.com/source/cuentos-tolstoi-cuentos-celebres-20664  |z Acceso restringido 
942 |c BOOK 
999 0 |a Social Sciences